| 000 | 00399nam a22001577a 4500 | ||
|---|---|---|---|
| 003 | NUST - PNEC | ||
| 005 | 20170116181109.0 | ||
| 008 | 151003b xxu||||| |||| 00| 0 eng d | ||
| 040 | _cLIBRARY | ||
| 082 | _a891.439 QAS | ||
| 100 |
_912828 _aQasmi, Ata ul Haq |
||
| 245 |
_aHasab e mamool _cQami, Ata-ul-Haq |
||
| 260 | _c1994 | ||
| 650 |
_912823 _bUrdu literature _xGeneral book |
||
| 942 |
_2ddc _cBK |
||
| 999 |
_c69058 _d69058 |
||